| 000 | 00384nam a2200157Ia 4500 | ||
|---|---|---|---|
| 008 | 230917s9999||||xx |||||||||||||| ||und|| | ||
| 040 |
_e213209 _aMAIN |
||
| 041 | _aEnglish | ||
| 082 | _a342 U1A(8) | ||
| 100 | _aUpadhayaya, J J R | ||
| 245 | 0 | _aAdministrative law | |
| 250 | _a8th ed. | ||
| 260 |
_aAllahabad _bCentral Law Agency _c2013 |
||
| 300 | _axlvii, 566 p. | ||
| 942 | _cBK | ||
| 999 |
_c167935 _d167935 |
||